Central Library OPAC University of Rajshahi

The modern age / (Record no. 19276)

MARC details
000 -LEADER
fixed length control field 00732nam a2200241 a 4500
001 - CONTROL NUMBER
control field 19276
003 - CONTROL NUMBER IDENTIFIER
rucl marc code BD-RjUL
005 - DATE AND TIME OF LATEST TRANSACTION
control field 20211209000417.0
008 - FIXED-LENGTH DATA ELEMENTS--GENERAL INFORMATION
fixed length control field 140223s1961 enk 001 0 eng d
035 ## - SYSTEM CONTROL NUMBER
System control number (BD-RjUL)19334
040 ## - CATALOGING SOURCE
Transcribing agency CNC
Modifying agency BD-RjUL
Original cataloging agency CNC
Language of cataloging eng
041 ## - LANGUAGE CODE
Language code of text/sound track or separate title eng
082 00 - DEWEY DECIMAL CLASSIFICATION NUMBER
Classification number 820.91
Author mark and year MOD 1961
245 04 - TITLE STATEMENT
Title The modern age /
Statement of responsibility, etc. edited by Boris Ford.
260 ## - PUBLICATION, DISTRIBUTION, ETC. (IMPRINT)
Place of publication, distribution, etc. Harmondsworth :
Name of publisher, distributor, etc. Penguin Books,
Date of publication, distribution, etc. c1961.
300 ## - PHYSICAL DESCRIPTION
Pagination 559 p. ;
Size 18 cm.
504 ## - BIBLIOGRAPHY, ETC. NOTE
Bibliography, etc Includes bibliographical references and index.
650 #0 - SUBJECT ADDED ENTRY--TOPICAL TERM
Topical term or geographic name as entry element English literature
Chronological subdivision 20th century
General subdivision History and criticism.
9 (RLIN) 55220
700 1# - ADDED ENTRY--PERSONAL NAME
Personal name Ford, Boris.
830 #0 - SERIES ADDED ENTRY--UNIFORM TITLE
Volume number/sequential designation 7
830 #0 - SERIES ADDED ENTRY--UNIFORM TITLE
Uniform title Pelican guide to English literature ;
942 ## - ADDED ENTRY ELEMENTS (KOHA)
Source of classification or shelving scheme Dewey Decimal Classification
Koha item type Books
Holdings
Lost status Source of classification or shelving scheme Damaged status Not for loan Collection code Permanent Location Current Location Shelving location Date acquired Source of acquisition Total Checkouts Full call number Date last seen Copy number Koha item type
  Dewey Decimal Classification   Not For Loan Non-fiction Central Library, University of Rajshahi Central Library, University of Rajshahi Reading Room 01/11/1990 Shaukat Osman   820.91 MOD 1961 23/02/2014 C-1 Books